000 00577nam a2200229Ia 4500
003 GCL
008 140319s9999 xx 000 0 eng d
040 _aGCL /
_cGCL
082 0 4 _a801.95
_bC E
100 1 _aPECK, JOHN
245 1 0 _aENCYCLOPEDIA OF LITERATURE AND CRITICISM /
_cPECK, JOHN
700 1 _aGARSIOLE, PETER
700 1 _aCOYLE,MARTIN
700 1 _aDARSIOLE,PETER
700 1 _aKELSALL, MALCOLM
260 _a[S.N] :
_bGALE RESEARCH INC. ،
_c1991
300 _a1299P
650 0 4 _aLITERATURE
650 0 4 _aPOETRY
650 0 4 _aDRAMA
942 _2ddc
_cBK
999 _c11944
_d11944